Normal view
MARC view
- Muhammad Waseem Yousaf
Entry Personal Name
001 - CONTROL NUMBER
- control field: 51196
003 - CONTROL NUMBER IDENTIFIER
- control field: NUST
005 - DATE AND TIME OF LATEST TRANSACTION
- control field: 20210314134929.0
008 - FIXED-LENGTH DATA ELEMENTS
- fixed length control field: 210314|| aca||aabn | a|a d
040 ## - CATALOGING SOURCE
- Original cataloging agency: NUST
- Transcribing agency: NUST
100 ## - HEADING--PERSONAL NAME
- Personal name: Muhammad Waseem Yousaf
670 ## - SOURCE DATA FOUND
- Source citation: Work cat.: (NUST): Muhammad Waseem Yousaf, Development of an aviation disaster management frame work of Pakistan at par with international standards and practices , 2017.
